000 00674cam a22002291 4500
001 ne 63000636
003 DLC
005 20260227111743.0
008 890514s1961 ua 000 0 ara
010 _ane 63000636
035 _a(OCoLC)23495630
040 _aDLC
_cMiU
_dAzU
_dDLC
042 _apremarc
050 0 0 _aBP75
_b.I2 1961
100 1 _aIbn Hishām, ʻAbd al-Malik,
_d-834.
245 1 0 _aTaqrīb al-sīrah al-nabawīyah.
250 _aal-Ṭabʻah 1.
260 _aMiṣr,
_bMuṣṭafá al-Babī al-Halabī,
_c1961
300 _a596 p.
_c24 cm.
600 0 0 _aMuḥammad,
_cProphet,
_d-632.
700 1 _aShabrāwī, Muḥammad ibn ʻAbd al-ʻAzīz Ismāʻil.
999 _c45721
_d45721